Evolving strategies to develop + 2 students' note making skills (Record no. 1394342)

MARC details
000 -LEADER
fixed length control field 00526nam a2200181Ia 4500
005 - DATE AND TIME OF LATEST TRANSACTION
control field 20250508165315.0
008 - FIXED-LENGTH DATA ELEMENTS--GENERAL INFORMATION
fixed length control field 008 250505s9999 xx 000 0 eng d
037 ## - SOURCE OF ACQUISITION
Stock number Dissertations
040 ## - CATALOGING SOURCE
Original cataloging agency FEDL
Language of cataloging eng
Transcribing agency FEDL
041 ## - LANGUAGE CODE
Language code of text/sound track or separate title eng
Source of code eng
084 ## - COLON CLASSIFICATION NUMBER
Classification number 373.238, MER/DI
Assigning agency FEDL
100 ## - MAIN ENTRY--PERSONAL NAME
Personal name Merusomayajulu Sharada
9 (RLIN) 780457
245 #0 - TITLE STATEMENT
Title Evolving strategies to develop + 2 students' note making skills
260 ## - PUBLICATION, DISTRIBUTION, ETC.
Date of publication, distribution, etc. 2003
300 ## - PHYSICAL DESCRIPTION
Extent v, 243p.
942 ## - ADDED ENTRY ELEMENTS (KOHA)
Koha item type Dissertations
Classification part 373.238, MER/DI
Holdings
Withdrawn status Lost status Damaged status Not for loan Home library Current library Date acquired Total Checkouts Full call number Barcode Date last seen Price effective from Koha item type
        Department of Education Library Department of Education Library 2025-05-08   373.238, MER/DI EL0087981 2025-05-08 2025-05-08 Dissertations
Copyright @ Delhi University Library System